|
|
|
|
| LEADER |
00897nam a2200229 a 4500 |
| 001 |
1748225 |
| 008 |
090827s1974 enka b 001 0 eng d |
| 010 |
|
|
|a 75309529
|
| 020 |
|
|
|a 63180235
|
| 040 |
|
|
|a DLC
|c DLC
|d DLC
|
| 082 |
0 |
0 |
|a 375/.001
|
| 100 |
1 |
|
|a Rowntree, Derek.
|
| 245 |
1 |
0 |
|a Educational technology in curriculum development /
|c Derek Rowntree.
|
| 260 |
|
|
|a London ;
|a New York :
|b Harper & Row,
|c 1974.
|
| 300 |
|
|
|a x, 197 p. :
|b ill. ;
|c 22 cm.
|
| 504 |
|
|
|a Includes Bibliography (p. 181-192.) and index.
|
| 541 |
1 |
|
|e 00005174
|
| 650 |
|
0 |
|a Educational technology.
|
| 650 |
|
0 |
|a Curriculum planning.
|
| 852 |
4 |
|
|a Ayesha Abed Library
|j General shelf
|
| 999 |
|
|
|c 3927
|d 3927
|
| 952 |
|
|
|0 0
|1 0
|2 ddc
|4 0
|6 375_001000000000000_ROW_1974
|7 0
|9 3570
|a BRACUL
|b BRACUL
|c GEN
|d 2009-09-15
|g 0.00
|l 2
|m 4
|o 375.001 ROW
|p 3010005174
|r 2018-05-14
|s 2018-01-18
|t 1
|w 2009-09-15
|y BK
|x No price found in the accession register.
|